000 00431nam a2200145 i 4500
001 bg
100 1 _aMATYSZEWSKI, Tomisław
245 0 _aMateriały i wyroby budowlane.
_nCz. 13,
_pMateriały do izolacji cieplnej /
_cTomisław Matyszewski, Mirosława Łasiewicz.
260 _aSzczecin,
_c1979.
700 1 _aŁASIEWICZ, Mirosława
040 _cBPK
041 _apol
942 _cKS
008 s pl f |000 0 pol
999 _c19146
_d19146
856 _uhttp://koha.tu.koszalin.pl/cgi-bin/koha/opac-detail.pl?biblionumber=19146
_yKatalog online BPK